| 000 -LEADER |
| fixed length control field |
00841nam a2200229Ia 4500 |
| 001 - CONTROL NUMBER |
| control field |
7481 |
| 003 - CONTROL NUMBER IDENTIFIER |
| control field |
GE_BSU |
| 008 - FIXED-LENGTH DATA ELEMENTS--GENERAL INFORMATION |
| fixed length control field |
181216s||||||||xx |||||||||||||| ||und|| |
| 040 ## - CATALOGING SOURCE |
| Transcribing agency |
GE_BSU |
| 080 ## - UNIVERSAL DECIMAL CLASSIFICATION NUMBER |
| Universal Decimal Classification number |
621.3.06(075.8) |
| 100 ## - MAIN ENTRY--PERSONAL NAME |
| Personal name |
Жуховицкий,Б.Я. Негнивицкий,И.Б. |
| 245 ## - TITLE STATEMENT |
| Title |
Теоретические основы электротехники. Линейные электрические цепи(продолжение).Нелинейные цепи.Т.2. |
| 245 ## - TITLE STATEMENT |
| Remainder of title |
Учебник для вузов. |
| 245 ## - TITLE STATEMENT |
| Statement of responsibility, etc. |
Под общ. ред. К.М.Поливанова. |
| 260 ## - PUBLICATION, DISTRIBUTION, ETC. |
| Place of publication, distribution, etc. |
М. |
| 260 ## - PUBLICATION, DISTRIBUTION, ETC. |
| Name of publisher, distributor, etc. |
Энергия. |
| 260 ## - PUBLICATION, DISTRIBUTION, ETC. |
| Date of publication, distribution, etc. |
1972. |
| 300 ## - PHYSICAL DESCRIPTION |
| Extent |
200 стр. 27 см.с илл. |
| 300 ## - PHYSICAL DESCRIPTION |
| Accompanying material |
табл. |
| 653 ## - INDEX TERM--UNCONTROLLED |
| Uncontrolled term |
Теоретические основы электротехники. |
| 942 ## - ADDED ENTRY ELEMENTS (KOHA) |
| Koha item type |
წიგნი |